00720nam a2200277Ia 4500001000700000003000500007008004100012010001100053040000900064082001100073100002900084245004500113260003900158300001100197440003800208500000500246503000500251650003000256901001100286902000600297910000900303942000600312942000700318999001900325952009800344Z_3235CHAP220113s1999 xx 000 0 und d a166343 cCHAP a860 S6 aSolares, Ignacio9140427 aMadero, el otro /cpor Ignacio Solares aMéxico, D. F. :bPlaneta,c1999 a254 p. aNarrativa actual mexicana9139932 a a aLiteratura mexicana I. t. a860 S6 aA a1999 c1 cc1 c166343d166343 00102ddc40708GRALaZbZc3d2005-11-09pz_3350r2022-01-18 00:00:00t1w2022-01-18yLIBRO